<?xml version="1.0" encoding="UTF-8"?>
<record
    xmlns:xsi="http://www.w3.org/2001/XMLSchema-instance"
    xsi:schemaLocation="http://www.loc.gov/MARC21/slim http://www.loc.gov/standards/marcxml/schema/MARC21slim.xsd"
    xmlns="http://www.loc.gov/MARC21/slim">

  <leader>01051nam a2200337   4500</leader>
  <controlfield tag="001">35514</controlfield>
  <datafield tag="010" ind1=" " ind2=" ">
    <subfield code="a">9789896876753</subfield>
  </datafield>
  <datafield tag="021" ind1=" " ind2=" ">
    <subfield code="a">PT</subfield>
    <subfield code="b">498931/22</subfield>
  </datafield>
  <datafield tag="090" ind1=" " ind2=" ">
    <subfield code="a">35514</subfield>
  </datafield>
  <datafield tag="100" ind1=" " ind2=" ">
    <subfield code="a">20220801d2022    m  y0pory50030103ba</subfield>
  </datafield>
  <datafield tag="101" ind1="1" ind2=" ">
    <subfield code="a">por</subfield>
  </datafield>
  <datafield tag="102" ind1=" " ind2=" ">
    <subfield code="a">PT</subfield>
  </datafield>
  <datafield tag="200" ind1="1" ind2=" ">
    <subfield code="a">Zoobiquidade</subfield>
    <subfield code="e">o que os animais nos podem ensinar sobre sermos humanos</subfield>
    <subfield code="f">Barbara Natterson-Horowitz, Kathryn Bowers</subfield>
    <subfield code="g">trad. Jo&#xE3;o Silveira</subfield>
  </datafield>
  <datafield tag="205" ind1=" " ind2=" ">
    <subfield code="a">1&#xAA; ed</subfield>
  </datafield>
  <datafield tag="210" ind1=" " ind2="9">
    <subfield code="a">Lisboa</subfield>
    <subfield code="c">Pergaminho,</subfield>
    <subfield code="d">2022</subfield>
  </datafield>
  <datafield tag="215" ind1=" " ind2=" ">
    <subfield code="a">341, [3]</subfield>
    <subfield code="d">24 cm</subfield>
  </datafield>
  <datafield tag="304" ind1=" " ind2=" ">
    <subfield code="a">T&#xED;t. orig.: Zoobiquity</subfield>
  </datafield>
  <datafield tag="606" ind1=" " ind2=" ">
    <subfield code="9">810</subfield>
    <subfield code="a">Doen&#xE7;as dos animais</subfield>
  </datafield>
  <datafield tag="606" ind1=" " ind2=" ">
    <subfield code="9">6119</subfield>
    <subfield code="a">Patologia veterin&#xE1;ria</subfield>
  </datafield>
  <datafield tag="606" ind1=" " ind2=" ">
    <subfield code="9">3346</subfield>
    <subfield code="a">Psicologia comparada</subfield>
  </datafield>
  <datafield tag="675" ind1=" " ind2=" ">
    <subfield code="a">159.929</subfield>
  </datafield>
  <datafield tag="675" ind1=" " ind2=" ">
    <subfield code="a">636.8.09 </subfield>
  </datafield>
  <datafield tag="675" ind1=" " ind2=" ">
    <subfield code="a">619.9 </subfield>
  </datafield>
  <datafield tag="675" ind1=" " ind2=" ">
    <subfield code="a">591.5 </subfield>
  </datafield>
  <datafield tag="700" ind1=" " ind2=" ">
    <subfield code="a">Natterson-Horowitz</subfield>
    <subfield code="b">Barbara </subfield>
    <subfield code="9">6120</subfield>
  </datafield>
  <datafield tag="701" ind1=" " ind2=" ">
    <subfield code="a">Bowers</subfield>
    <subfield code="b">Kathryn</subfield>
    <subfield code="4">070</subfield>
    <subfield code="9">6121</subfield>
  </datafield>
  <datafield tag="702" ind1=" " ind2=" ">
    <subfield code="9">6122</subfield>
    <subfield code="a">Silveira</subfield>
    <subfield code="b">Jo&#xE3;o</subfield>
    <subfield code="4">730</subfield>
  </datafield>
  <datafield tag="801" ind1=" " ind2="0">
    <subfield code="a">PT</subfield>
    <subfield code="b">BN</subfield>
    <subfield code="g">RPC</subfield>
  </datafield>
  <datafield tag="856" ind1="4" ind2="1">
    <subfield code="u">http://rnod.bnportugal.gov.pt/ImagesBN/winlibimg.aspx?skey=&amp;doc=2106531&amp;img=167388&amp;save=true</subfield>
  </datafield>
  <datafield tag="990" ind1=" " ind2=" ">
    <subfield code="c">LIVROS</subfield>
  </datafield>
  <datafield tag="994" ind1=" " ind2=" ">
    <subfield code="a">COMP</subfield>
  </datafield>
  <datafield tag="995" ind1=" " ind2=" ">
    <subfield code="0">0</subfield>
    <subfield code="1">0</subfield>
    <subfield code="9">49386</subfield>
    <subfield code="b">BMVA</subfield>
    <subfield code="d">BMVA</subfield>
    <subfield code="f">0034241</subfield>
    <subfield code="k">159.9 NAT</subfield>
    <subfield code="o">0</subfield>
    <subfield code="r">LIVROS</subfield>
    <subfield code="s">Compra</subfield>
  </datafield>
</record>
